000 00222 a2200097 4500
001 41287
100 _aMikache, F
245 _aThe failure of atomic strategy
260 _aLondon
_bfaber & faber
_c
090 _c25485
_d25485
942 _aNUST-CAE
_cM
_c17208
999 _c276360
_d276360